Peasants under peripheral capitalism / (Record no. 11481)

000 -LEADER
fixed length control field 00611cam a2200193 a 4500
020 ## - INTERNATIONAL STANDARD BOOK NUMBER
ISBN 9679421198 (pbk.)
020 ## - INTERNATIONAL STANDARD BOOK NUMBER
ISBN 9679421244 (hard)
040 ## - CATALOGING SOURCE
Transcribing agency DLC
082 ## - DEWEY DECIMAL CLASSIFICATION NUMBER
Classification number 305 UNI 1988 A015 Or.
100 0# - MAIN ENTRY--AUTHOR NAME
Personal name Hashim Haji Wan Teh,
245 10 - TITLE STATEMENT
Title Peasants under peripheral capitalism /
260 ## - PUBLICATION, DISTRIBUTION, ETC. (IMPRINT)
Place of publication Bangi :
Name of publisher Universiti Kebangsaan Malaysia,
Year of publication 1988.
300 ## - PHYSICAL DESCRIPTION
Number of Pages 205 p. :
Other physical details ill., maps ;
Dimensions 22 cm.
500 ## - GENERAL NOTE
General note "Issued under the auspices of the Institute of Southeast Asian Studies in Singapore."
650 #0 - SUBJECT ADDED ENTRY--TOPICAL TERM
Topical Term Peasants
650 #0 - SUBJECT ADDED ENTRY--TOPICAL TERM
Topical Term Capitalism
710 2# - ADDED ENTRY--CORPORATE NAME
Corporate name or jurisdiction name as entry element Institute of Southeast Asian Studies.
942 ## - ADDED ENTRY ELEMENTS (KOHA)
Koha item type សៀវភៅភាសាអង់គ្លេស
952 ## - LOCATION AND ITEM INFORMATION (KOHA)
Withdrawn status [LOCAL, KOHA] 0
952 ## - LOCATION AND ITEM INFORMATION (KOHA)
Withdrawn status [LOCAL, KOHA] 0
952 ## - LOCATION AND ITEM INFORMATION (KOHA)
Withdrawn status [LOCAL, KOHA] 0
Holdings
Permanent Location Date acquired Koha item type Lost status Shelving location Barcode Current Location Full call number
Library Block A2017-08-02សៀវភៅភាសាអង់គ្លេស A015a09445Library Block A305 UNI 1988 A015 Or.
Library Block A2017-08-04សៀវភៅភាសាអង់គ្លេស A017A09930Library Block A305 UNI 1988 A017 Or.
Library Block A2017-08-04សៀវភៅភាសាអង់គ្លេស A017A13122Library Block A305 UNI 1988 A017 Or.
មជ្ឈមណ្ឌលឯការនៃសាកលវិទ្យាល័យភូមិន្ទកសិកម្មចំការដូង

Powered by Koha